00691 2200241 4500001002100000005001700021008004100038020002200079035002500101041000800126043001200134082000800146090001800154100001500172245011700187250001100304260003700315300003000352650001900382700001400401850001200415999002200427YOGYA-0511000000130920141215154128.0 ind  a978-602-8528-22-1 a0010-051100000001308 aInd aYOPDYOG a420 aDEP 420 Ard E aARDIANSYAH a48 kartu pintar belajar bahasa inggriscArdiansyah ; ilustrasi, Wijayanto, Bayu Prahara ; penyunting Adttya Bayu aCet. 1 aYogyakartabIde World Kidsc2010 a26 hlm.bilus.c16x24 cm. aBahasa inggris aWijayanto aYOPDYOG aCB-D.11-2010-1575